| 000 | 00522nam a2200193 4500 | ||
|---|---|---|---|
| 001 | 559 | ||
| 005 | 20230410115434.0 | ||
| 008 | 060907n1996 dr spa | ||
| 035 | _9funglode563 | ||
| 041 | _aEN | ||
| 050 | 1 | 4 | _aHD 62.4 H333d 1996 |
| 100 | _aHartman, Stephen | ||
| 245 | 1 |
_aDictionary of international business terms / _cStephen Hartman, John J. Capela |
|
| 250 | _a2 | ||
| 260 |
_aNew York : _bBarron's, _c1996 |
||
| 300 | _avii, 584 p. / 18 cm. | ||
| 700 | _aCapela, John J | ||
| 942 |
_2lcc _cbk |
||
| 999 |
_c41198 _d41198 |
||